000 00702nam a2200217 a 4500
001 14144
003 BD-JhCC
005 20250126084131.0
008 180423s1988 bg |||| ||a| 000 0 ben d
035 _a(BD-JhCC)14144
040 _aBD-JhCC
_dBD-JhCC
041 _abengali
082 _a891.4435
_bAHA 1988
100 _aআহমেদ, হুমায়ূন
245 _aহুমায়ূন আহমেদের শ্রেষ্ঠ গল্প /
_cহুমায়ূন আহমেদ।
260 _aঢাকা :
_bঅনিন্দ্য প্রকাশন,
_c1988.
300 _a232 P. :
_c22 cm.
650 _aBengali short stories
942 _2ddc
_cBK
999 _c14144
_d14144